000 02052nam a2200325 i 4500
001 163112
003 ES-MaACL
005 20250817050310.0
008 931025s1769 fr f e 001 0 fre d
245 0 0 _aRecueil de planches, sur les sciences, les arts libéraux, et les arts méchaniques, avec leur explication ; septieme volume.
260 _aA Paris :
_bchez Briasson, chez Le Breton,
_c1769.
300 _a[6], 4, 1 p., III h. de grab., 1 p., V h. de grab., 12 p., XVII h. de grab., 1 p., II h. de grab., 6 p., XXXII h. de grab., 2 p., VII h. de grab., 2 p., X h. de grab., 12 p., XXXVI h. de grab., 1 p., VI h. de grab., 11 p., XIII h. de grab., 16 p., XXXVII h. de grab., 5 p., XX h. de grab., 5 p., XXX h. de grab., 22 p., XIX h. de grab. ;
_cFol.
500 _aVéase además: Encyclopédie ou dictionnaire raisoné des sciences, des arts et des métiers... Paris, Briasson. 1751-1761.
505 8 _aContiene: 259 planches Hongroyeur, Imprimiere en taille douce. Manège et équitation. Maréchal- ferrant. Maréchal grossier. Marine. Evolutions navales. Forge des ancres. Maroquinier. Menniserie en batiments. Mennisier en menbles. Manniserie en voitures. Musique
530 _aDisponible en formato digital.
597 _aSign. irregular.
597 _aTexto a dos col.
597 _aAntep.
597 _aPort. con grab. xil.
599 _aLas h. de grab. calc.: "Hargintez, y Lucotte del., Bernard fecit."
630 0 4 _aEncyclopédie ou Dictionnaire raisonné des sciences, des arts et des métiers-
_vIlustraciones
_9121148
650 7 _aGrabado francés
_2embne
_9162674
650 4 _aEnciclopedias.
_912235
740 0 2 _aDictionnaire des sciences.
740 2 2 _aL'Encyclopédie Diderot et d'Alembert.
852 4 _aES-MaACL
_jR-2133
_z- Enc. pasta con hierros dorados
_z- Ex-libris del duque de Hyjar
_d- Olim: C-10429
856 4 _uhttps://www.biodiversitylibrary.org/page/44627710
_zEuropeana
856 4 _uhttps://www.biodiversitylibrary.org/page/50081527
_zEuropeana
999 _c163112
_d163112